Score 0/28 Timer 05:00
0 Plays Today
% Correct
Orlando Bloom
99.3%
Ian McKellen
98.7%
Christopher Lee
97.4%
Martin Freeman
96.7%
Benedict Cumberbatch
96.1%
Cate Blanchett
96.1%
Evangeline Lily
95.4%
Hugo Weaving
94.7%
Richard Armitage
90.8%
Stephen Fry
88.8%
Aidan Turner
88.2%
Lee Pace
87.5%
Luke Evans
86.2%
Sylvester McCoy
84.9%
% Correct
James Nesbitt
81.6%
Billy Connolly
80.9%
Manu Bennett
80.3%
Graham McTavish
78.9%
Dean 'O Gorman
78.9%
Adam Brown
77%
Ryan Gage
73.7%
Stephen Hunter
73.7%
Jed Brophy
73%
William Kircher
73%
Lawrence Makoare
72.4%
Peter Hambleton
71.1%
Mark Hadlow
70.4%
John Callen
69.7%
Remove Ads.
Support Sporcle.
Get the best of Sporcle when you Go Orange. This ad-free experience offers more features, more stats, and more fun while also helping to support Sporcle. Thank you for becoming a member.

You're not logged in!

Compare scores with friends on all Sporcle quizzes.
OR
Log In

Show Comments

Extras

Top Quizzes Today


Score Distribution

Your Account Isn't Verified!

In order to create a playlist on Sporcle, you need to verify the email address you used during registration. Go to your Sporcle Settings to finish the process.

Report this User

Report this user for behavior that violates our Community Guidelines.

Details: